000 00927nam a2200229Ia 4500
001 L959-44597
003 IT-CnALBA
008 170116s9999||||xx |||||||||||||| ||und||
040 _aIT-CnALBA
_cIT-CnALBA
041 _aITALIANO
100 _aPRANDI CARLO
245 0 _aCANTI DELLA LANGA.
250 _a1a ed.
260 _a CUNEO
_bL'ALBINA SOC. AN. TIP. EDIZIONI
_c1925 [1° Ed.:1925 - Ed.Ling.Originale: 1925]
300 _a215 p.
500 _aALBA PREISTORICA. POMPEJA. PAESI. PAESAGGI. INTERMEZZO. PAESI E CASTELLI. MOMENTI LANGHESI. MASSICCIO LANGHE, STUDI GEOLOGICI.
501 _aSocietà San Paolo EM - Piazza San Paolo, 14 - 12051 ALBA (CN) (non commercial uses only) ® Copyright 2017
520 _aALBA PREISTORICA. POMPEJA. PAESI. PAESAGGI. INTERMEZZO. PAESI E CASTELLI. MOMENTI LANGHESI. MASSICCIO LANGHE, STUDI GEOLOGICI.
650 _aALBA E CIRCONDARIO
942 _cBK
957 _71
999 _a50347
_bSI
_g Copie: 1
_c303540
_d303540